000 00322 a2200109 4500
001 ART_18423
005 20260410161702.0
008 260409a
245 1 0 _aLa locación de inmuebles.Su tratamiento en el IVA.
100 1 _aBalán, Osvaldo
773 0 _tRevista Impuestos
_g- Nº 4 (abr. 2012)
_wREV639
999 _c15228
_d15228